[Event "Volgodonsk op"]
[Site "Volgodonsk"]
[Date "2007.07.23"]
[Round "5"]
[White "Kiselev, Vitaliy"]
[Black "Gladkiy, Dmitriy"]
[Result "0-1"]
[WhiteElo "2509"]
[BlackElo "2326"]
[PlyCount "76"]
[EventDate "2007.07.19"]
[EventType "swiss"]
[EventRounds "9"]
[EventCountry "RUS"]
[SourceTitle "EXT 2010"]
[Source "ChessBase"]
[SourceDate "2010.11.25"]
[SourceVersion "1"]
[SourceVersionDate "2010.11.25"]
[SourceQuality "1"]

1. d4 g6 2. c4 Nf6 3. Nc3 Bg7 4. e4 d6 5. Be2 0-0 6. Be3 c5 7. d5 e6 8. dxe6 Bxe6 9. h3 Qa5 10. Bd2 Nc6 11. Nf3 Qb6 12. 0-0 Nd4 13. b3 Rfe8 14. Nxd4 cxd4 15. Nd5 Bxd5 16. exd5 Ne4 17. Bd3 Nc3 18. Bxc3 dxc3 19. Qc2 Bh6 20. Rae1 Bd2 21. Rxe8+ Rxe8 22. Qd1 Qd4 23. Qf3 f5 24. Bc2 a5 25. a4 Be1 26. Qg3 f4 27. Qg4 Bxf2+ 28. Kh1 Kf7 29. c5 dxc5 30. Qd7+ Re7 31. Qd8 Qd2 32. Qh8 Qxc2 33. d6 Rd7 34. Qxh7+ Ke6 35. Qh6 Bg3 36. Qf8 Rxd6 37. Qe8+ Kd5 38. Qf7+ Kc6 0-1

[Event "Champions Challenge 178th"]
[Site "Playchess.com INT"]
[Date "2006.12.23"]
[Round "4.1"]
[White "Kiselev, Vitaliy"]
[Black "Borisek, Jure"]
[Result "1-0"]
[WhiteElo "2416"]
[BlackElo "2507"]
[PlyCount "67"]
[EventDate "2006.12.23"]
[EventType "k.o. (blitz)"]
[EventRounds "6"]
[EventCountry "GER"]
[SourceTitle "EXT 2008"]
[Source "ChessBase"]
[SourceDate "2007.11.25"]
[SourceVersion "1"]
[SourceVersionDate "2007.11.25"]
[SourceQuality "1"]

1. d4 Nf6 2. c4 g6 3. Nc3 d5 4. cxd5 Nxd5 5. e4 Nxc3 6. bxc3 Bg7 7. Bc4 c5 8. Ne2 Nc6 9. Be3 0-0 10. 0-0 Bg4 11. f3 Bd7 12. d5 Na5 13. Bd3 c4 14. Bc2 e5 15. f4 exf4 16. Bxf4 Qe7 17. Kh1 b6 18. d6 Qe8 19. Qd2 Nb7 20. Nd4 Nc5 21. Rae1 Be5 22. Bh6 Bg7 23. e5 Rc8 24. Bg5 Ne6 25. Be7 Nxd4 26. Qxd4 Be6 27. Bxf8 Qxf8 28. Be4 Rc5 29. Bf3 Qd8 30. Re2 Bf5 31. Rd1 Bd3 32. Ree1 Qd7 33. Bd5 Qxd6 34. Bxf7+ 1-0

[Event "Champions Challenge 178th"]
[Site "Playchess.com INT"]
[Date "2006.12.23"]
[Round "3.4"]
[White "Kiselev, Vitaliy"]
[Black "Margvelashvili, Giorgi"]
[Result "1-0"]
[WhiteElo "2416"]
[BlackElo "2456"]
[PlyCount "153"]
[EventDate "2006.12.23"]
[EventType "k.o. (blitz)"]
[EventRounds "6"]
[EventCountry "GER"]
[SourceTitle "EXT 2008"]
[Source "ChessBase"]
[SourceDate "2007.11.25"]
[SourceVersion "1"]
[SourceVersionDate "2007.11.25"]
[SourceQuality "1"]

1. d4 Nf6 2. c4 e6 3. Nf3 c5 4. d5 b5 5. Bg5 exd5 6. cxd5 d6 7. e3 a6 8. a4 b4 9. Nbd2 Be7 10. Nc4 a5 11. Be2 Nbd7 12. 0-0 Ba6 13. b3 0-0 14. h3 Re8 15. Bf4 Ne4 16. Qc2 Nc3 17. e4 Nb6 18. Bd3 Nxc4 19. bxc4 Bf6 20. Rfe1 h6 21. e5 dxe5 22. Nxe5 Bxe5 23. Bxe5 Qg5 24. Bxc3 bxc3 25. Qxc3 Qf4 26. Bf1 Reb8 27. Qxa5 Bxc4 28. Qxc5 Bxf1 29. Rxf1 Rxa4 30. Rxa4 Qxa4 31. d6 Qd7 32. Rd1 Rd8 33. Rd2 Qe6 34. Rd1 Qe2 35. Qd4 Rd7 36. h4 h5 37. g3 Qe6 38. Kg2 g6 39. Qf4 Kg7 40. Rd2 Qf6 41. Qb4 Qe5 42. Rd4 Qf6 43. Qd2 Qe5 44. Rd3 Qe6 45. Qc3+ Qf6 46. Qc6 Qe6 47. Rd2 Kh7 48. Qd5 Qf6 49. Qd4 Kg7 50. Rd3 Qxd4 51. Rxd4 Kf6 52. Kf3 Ke6 53. Kf4 Rxd6 54. Rxd6+ Kxd6 55. Kg5 Ke6 56. f3 Ke7 57. Kh6 Kf6 58. Kh7 Kf5 59. Kg7 f6 60. Kh6 g5 61. hxg5 fxg5 62. Kxh5 Kf6 63. Kh6 Kf5 64. g4+ Kf4 65. Kh5 Kxf3 66. Kxg5 Kg3 67. Kf5 Kf3 68. g5 Ke3 69. g6 Kd2 70. g7 Kd1 71. g8Q Ke2 72. Qg3 Kf1 73. Ke4 Ke2 74. Qf3+ Ke1 75. Qg2 Kd1 76. Kd3 Kc1 77. Qc2# 1-0

[Event "Champions Challenge 178th"]
[Site "Playchess.com INT"]
[Date "2006.12.23"]
[Round "2.1"]
[White "Mosnegutu, Mariana"]
[Black "Kiselev, Vitaliy"]
[Result "1/2-1/2"]
[WhiteElo "2225"]
[BlackElo "2416"]
[PlyCount "152"]
[EventDate "2006.12.23"]
[EventType "k.o. (blitz)"]
[EventRounds "6"]
[EventCountry "GER"]
[SourceTitle "EXT 2008"]
[Source "ChessBase"]
[SourceDate "2007.11.25"]
[SourceVersion "1"]
[SourceVersionDate "2007.11.25"]
[SourceQuality "1"]

1. d4 d5 2. c4 e5 3. dxe5 d4 4. Nf3 Nc6 5. Bf4 Be6 6. e3 Bb4+ 7. Nbd2 dxe3 8. Bxe3 Nge7 9. a3 Bxd2+ 10. Qxd2 Ng6 11. Bf4 Qxd2+ 12. Bxd2 Ngxe5 13. Nxe5 Nxe5 14. Bc3 f6 15. Bxe5 fxe5 16. Kd2 Rd8+ 17. Kc3 Ke7 18. Be2 c6 19. Rad1 Rhf8 20. f3 h6 21. Rhe1 Kf6 22. Bf1 Kg5 23. Rxd8 Rxd8 24. Rxe5+ Kf6 25. f4 Rd1 26. Bd3 Rc1+ 27. Kd2 Rg1 28. Re2 Bg4 29. Rf2 Rd1+ 30. Kc2 Rg1 31. h3 Be6 32. Kd2 h5 33. Ke3 Re1+ 34. Re2 Rc1 35. Kd4 Rd1 36. Kc3 Rc1+ 37. Kd2 Rg1 38. Ke3 Rc1 39. Kd4 b6 40. b4 Ra1 41. f5 Bf7 42. c5 Rxa3 43. cxb6 axb6 44. Rc2 Bd5 45. Be4 Rg3 46. Bxd5 cxd5 47. Kxd5 Kxf5 48. Kc6 Rg6+ 49. Kb5 Kf4 50. Rc4+ Kg3 51. Rc2 h4 52. Rc4 Kxg2 53. Rxh4 Kg3 54. Rh8 Kf4 55. Rc8 Kg3 56. Rc3+ Kh4 57. Rd3 Rf6 58. Rc3 g5 59. Rd3 Rf4 60. Rb3 Rf6 61. Rc3 Re6 62. Rd3 Kh5 63. Rd5 Re3 64. Kxb6 Rxh3 65. b5 Rb3 66. Kc6 Kh4 67. b6 Rc3+ 68. Rc5 Rb3 69. b7 Rxb7 70. Kxb7 g4 71. Kc6 g3 72. Kd5 g2 73. Rc1 Kg3 74. Ke4 Kh2 75. Kf3 g1Q 76. Rxg1 Kxg1 1/2-1/2

[Event "Champions Challenge 177th"]
[Site "Playchess.com INT"]
[Date "2006.12.16"]
[Round "2.1"]
[White "Kiselev, Vitaliy"]
[Black "Girinath, PDS"]
[Result "1-0"]
[WhiteElo "2416"]
[BlackElo "2344"]
[PlyCount "121"]
[EventDate "2006.12.16"]
[EventType "k.o. (blitz)"]
[EventRounds "5"]
[EventCountry "GER"]
[SourceTitle "EXT 2008"]
[Source "ChessBase"]
[SourceDate "2007.11.25"]
[SourceVersion "1"]
[SourceVersionDate "2007.11.25"]
[SourceQuality "1"]

1. d4 f5 2. g3 Nf6 3. Bg2 e6 4. c4 Be7 5. Nf3 0-0 6. 0-0 d6 7. b3 a5 8. Nc3 Ne4 9. Bb2 Bf6 10. Qd3 d5 11. cxd5 exd5 12. Rac1 Nc6 13. Ne5 Nxe5 14. dxe5 Bxe5 15. Rfd1 c6 16. Rc2 Nxc3 17. Bxc3 Bxc3 18. Qxc3 Qe7 19. e3 Be6 20. Rdc1 Bf7 21. Qd2 Qb4 22. Qd1 Bg6 23. Rd2 Qe7 24. Rd4 Qf7 25. Rxd5 Bh5 26. Qd4 Qf6 27. Qxf6 Rxf6 28. Rd4 Rff8 29. Rc5 Bg6 30. Bf1 Rfd8 31. Rxa5 Rxa5 32. Rxd8+ Kf7 33. Bc4+ Ke7 34. Rd2 b5 35. Bd3 b4 36. Kf1 Rd5 37. Ke2 Bh5+ 38. f3 c5 39. h3 g5 40. g4 fxg4 41. hxg4 Bf7 42. Bxh7 c4 43. Rxd5 Bxd5 44. Bc2 c3 45. e4 Bb7 46. Ke3 Kd6 47. f4 gxf4+ 48. Kxf4 Bc8 49. g5 Be6 50. g6 Ke7 51. Ke5 Bg4 52. Kd5 Bh5 53. g7 Kf7 54. Kc5 Kxg7 55. Kxb4 Kf6 56. Kxc3 Ke5 57. Kd3 Bg6 58. Ke3 Bf7 59. Bd3 Bg8 60. Bc4 Bh7 61. Bd5 1-0

[Event "Saratov Aratovsky Memorial 6th"]
[Site "Saratov"]
[Date "2006.12.02"]
[Round "6"]
[White "Zhigalko, Andrey"]
[Black "Kiselev, Vitaliy"]
[Result "0-1"]
[WhiteElo "2533"]
[BlackElo "2280"]
[PlyCount "116"]
[EventDate "2006.11.27"]
[EventType "swiss"]
[EventRounds "9"]
[EventCountry "RUS"]
[SourceTitle "EXT 2008"]
[Source "ChessBase"]
[SourceDate "2007.11.25"]
[SourceVersion "1"]
[SourceVersionDate "2007.11.25"]
[SourceQuality "1"]

1. e4 e6 2. d4 d5 3. Nc3 Nf6 4. e5 Nfd7 5. f4 c5 6. Nf3 Nc6 7. Ne2 Qb6 8. c3 f6 9. a3 Be7 10. h4 0-0 11. b4 cxd4 12. cxd4 a5 13. b5 Qxb5 14. Nc3 Qb6 15. Rb1 Qd8 16. Bd3 f5 17. g4 fxg4 18. Ng5 Bxg5 19. hxg5 g6 20. Qxg4 Rf7 21. Nb5 Nf8 22. Rh2 b6 23. Nd6 Rc7 24. Rhb2 Ba6 25. Bxa6 Rxa6 26. Be3 Ne7 27. Qe2 Raa7 28. Nb5 Rd7 29. Rc2 Ra8 30. a4 Rc8 31. Rb3 Nf5 32. Rxc8 Qxc8 33. Rc3 Qe8 34. Bc1 h6 35. gxh6 Qe7 36. Qh2 Qb4 37. Ba3 Qxa4 38. Qb2 Nxd4 39. Nd6 Nc6 40. Ne8 Rf7 41. Nf6+ Kh8 42. Qc2 Qxf4 43. Rxc6 Qxe5+ 44. Ne4 Kh7 45. Bxf8 Rxf8 46. Rxb6 Qxe4+ 47. Qxe4 dxe4 48. Rxe6 Ra8 49. Rxe4 a4 50. Re2 a3 51. Ra2 Kxh6 52. Kf2 Kg5 53. Kf3 Kf5 54. Ke3 g5 55. Kf3 Ra4 56. Kg3 Ke5 57. Kf3 Kd5 58. Ke3 Kc4 0-1

[Event "Saratov Aratovsky Memorial 6th"]
[Site "Saratov"]
[Date "2006.11.30"]
[Round "4"]
[White "Zontakh, Andrey"]
[Black "Kiselev, Vitaliy"]
[Result "1/2-1/2"]
[WhiteElo "2570"]
[BlackElo "2280"]
[PlyCount "42"]
[EventDate "2006.11.27"]
[EventType "swiss"]
[EventRounds "9"]
[EventCountry "RUS"]
[SourceTitle "EXT 2008"]
[Source "ChessBase"]
[SourceDate "2007.11.25"]
[SourceVersion "1"]
[SourceVersionDate "2007.11.25"]
[SourceQuality "1"]

1. e4 e6 2. d4 d5 3. Nc3 Nf6 4. e5 Nfd7 5. f4 c5 6. Nf3 Nc6 7. Be3 Rb8 8. a3 Qb6 9. Be2 cxd4 10. Nxd4 Nxd4 11. Bxd4 Bc5 12. Nb5 Bxd4 13. Qxd4 Qxd4 14. Nxd4 Ke7 15. Kd2 Nc5 16. Bd3 Bd7 17. Rae1 h5 18. g3 Rbg8 19. Nf3 Rc8 20. h3 Rh6 21. Nd4 g6 1/2-1/2

[Event "Saratov Aratovsky Memorial 6th"]
[Site "Saratov"]
[Date "2006.11.29"]
[Round "3"]
[White "Kiselev, Vitaliy"]
[Black "Gutov, Andrey"]
[Result "1-0"]
[WhiteElo "2280"]
[BlackElo "2280"]
[PlyCount "91"]
[EventDate "2006.11.27"]
[EventType "swiss"]
[EventRounds "9"]
[EventCountry "RUS"]
[SourceTitle "EXT 2008"]
[Source "ChessBase"]
[SourceDate "2007.11.25"]
[SourceVersion "1"]
[SourceVersionDate "2007.11.25"]
[SourceQuality "1"]

1. d4 Nf6 2. c4 e6 3. Nf3 d5 4. Nc3 Bb4 5. e3 0-0 6. a3 Bxc3+ 7. bxc3 c5 8. cxd5 exd5 9. Bd3 Qc7 10. 0-0 Bg4 11. h3 Bh5 12. a4 Re8 13. dxc5 Nbd7 14. Ba3 Nxc5 15. Bxc5 Qxc5 16. g4 Bg6 17. Bxg6 hxg6 18. Qd4 Rac8 19. Rfb1 Re7 20. Rb5 Qxc3 21. Qxc3 Rxc3 22. Rab1 Rcc7 23. g5 Ne4 24. Rxd5 f6 25. gxf6 gxf6 26. Nd4 Kg7 27. Rd8 Nc3 28. Ra1 Rc5 29. Nb5 Ne4 30. Nxa7 Rc2 31. Rf1 Re5 32. h4 g5 33. h5 g4 34. Nb5 g3 35. fxg3 Rxh5 36. Nd4 Rch2 37. Rf4 Rh1+ 38. Kg2 R1h2+ 39. Kg1 Rh1+ 40. Kg2 R5h2+ 41. Kf3 Ng5+ 42. Kg4 Nf7 43. Ne6+ Kh7 44. Rb8 Nh6+ 45. Kf3 f5 46. Rxb7+ 1-0

[Event "Saratov Aratovsky Memorial 6th"]
[Site "Saratov"]
[Date "2006.11.27"]
[Round "1"]
[White "Kiselev, Vitaliy"]
[Black "Kabulov, Kamil"]
[Result "1/2-1/2"]
[WhiteElo "2280"]
[BlackElo "1902"]
[PlyCount "31"]
[EventDate "2006.11.27"]
[EventType "swiss"]
[EventRounds "9"]
[EventCountry "RUS"]
[SourceTitle "EXT 2008"]
[Source "ChessBase"]
[SourceDate "2007.11.25"]
[SourceVersion "1"]
[SourceVersionDate "2007.11.25"]
[SourceQuality "1"]

1. d4 d5 2. Nf3 c6 3. c4 e6 4. cxd5 cxd5 5. Nc3 Nf6 6. Bf4 Nc6 7. e3 Be7 8. h3 Qa5 9. Nd2 a6 10. a3 Bd7 11. Bd3 Na7 12. b4 Qb6 13. Rc1 Bc6 14. 0-0 0-0 15. Na4 Bxa4 16. Qxa4 1/2-1/2

[Event "Ilyumzhinov Cup"]
[Site "Internet"]
[Date "2006.05.06"]
[Round "?"]
[White "Rozum, Ivan"]
[Black "Kiselev, Vitaliy"]
[Result "0-1"]
[WhiteElo "2290"]
[BlackElo "2389"]
[PlyCount "122"]
[EventDate "2006.05.06"]
[EventType "swiss"]
[EventRounds "13"]
[EventCountry "RUS"]
[SourceTitle "CBM 112 Extra"]
[Source "ChessBase"]
[SourceDate "2006.07.14"]
[SourceVersion "1"]
[SourceVersionDate "2006.07.14"]
[SourceQuality "1"]

1. e4 c6 2. Nf3 d5 3. exd5 cxd5 4. d4 Nc6 5. c3 Bg4 6. Bd3 e6 7. 0-0 Bd6 8. Re1 Nge7 9. Bg5 0-0 10. Bh4 h6 11. Bg3 Rb8 12. Nbd2 b5 13. Bxd6 Qxd6 14. b4 Rfc8 15. Nb3 e5 16. dxe5 Nxe5 17. Be2 Bxf3 18. Bxf3 Rxc3 19. Be2 N7c6 20. a3 d4 21. Nc5 d3 22. Ne4 Qd4 23. Nxc3 Qxc3 24. Bf3 Nd4 25. Rc1 Qxe1+ 26. Qxe1 Nexf3+ 27. gxf3 Nxf3+ 28. Kf1 Nxe1 29. Kxe1 Re8+ 30. Kd2 Re2+ 31. Kxd3 Rxf2 32. Kd4 Rxh2 33. Rc8+ Kh7 34. Ra8 f5 35. Rxa7 f4 36. Ke4 Rf2 37. Rb7 Ra2 38. Ra7 Rf2 39. Rb7 h5 40. Rxb5 Kh6 41. Rf5 g5 42. b5 h4 43. b6 Rb2 44. Rf6+ Kh5 45. a4 h3 46. Kf5 Kh4 47. Rh6+ Kg3 48. a5 f3 49. Kxg5 f2 50. b7 f1Q 51. b8Q+ Rxb8 52. Rf6 Rg8+ 53. Rg6 Qf4+ 54. Kh5+ Rxg6 55. Kxg6 Qb4 56. a6 Qa5 57. Kf7 Qxa6 58. Ke7 h2 59. Kd7 h1Q 60. Ke7 Qh7+ 61. Kf8 Qa8# 0-1

[Event "Champions Challenge 139th"]
[Site "Playchess.com INT"]
[Date "2006.03.25"]
[Round "3.1"]
[White "Kiselev, Vitaliy"]
[Black "Shaposhnikov, Evgeny"]
[Result "0-1"]
[WhiteElo "2277"]
[BlackElo "2553"]
[PlyCount "98"]
[EventDate "2006.03.25"]
[EventType "k.o. (blitz)"]
[EventRounds "5"]
[EventCountry "GER"]
[SourceTitle "EXT 2007"]
[Source "ChessBase"]
[SourceDate "2006.11.23"]
[SourceVersion "1"]
[SourceVersionDate "2006.11.23"]
[SourceQuality "1"]

1. d4 Nf6 2. c4 e6 3. Nf3 b6 4. g3 Ba6 5. b3 Bb4+ 6. Bd2 Bxd2+ 7. Nbxd2 d5 8. Bg2 0-0 9. 0-0 c5 10. dxc5 bxc5 11. Ne5 Nbd7 12. Nxd7 Qxd7 13. Qc2 Rac8 14. cxd5 exd5 15. Rfe1 Rfe8 16. e3 d4 17. e4 Ng4 18. Bh3 f5 19. exf5 Nf6 20. Bg2 Qf7 21. Nc4 Bxc4 22. Qxc4 Qxc4 23. bxc4 Rb8 24. Rxe8+ Rxe8 25. Rb1 Kf7 26. Rb7+ Re7 27. Rxe7+ Kxe7 28. Kf1 Nd7 29. Ke2 Kd6 30. f4 Nb6 31. Kd3 Na4 32. Bd5 Nc3 33. Bg8 Nxa2 34. Bxh7 Nb4+ 35. Kd2 a5 36. h4 a4 37. f6 gxf6 38. h5 a3 39. Bb1 Ke7 40. g4 a2 41. Bxa2 Nxa2 42. Kd3 Nc3 43. g5 f5 44. h6 Kf7 45. Kc2 Kg6 46. Kd3 Ne4 47. Ke2 Nd6 48. Kd3 Nf7 49. Ke2 Nxh6 0-1

[Event "Champions Challenge 139th"]
[Site "Playchess.com INT"]
[Date "2006.03.25"]
[Round "3.2"]
[White "Shaposhnikov, Evgeny"]
[Black "Kiselev, Vitaliy"]
[Result "1-0"]
[WhiteElo "2553"]
[BlackElo "2277"]
[PlyCount "85"]
[EventDate "2006.03.25"]
[EventType "k.o. (blitz)"]
[EventRounds "5"]
[EventCountry "GER"]
[SourceTitle "EXT 2007"]
[Source "ChessBase"]
[SourceDate "2006.11.23"]
[SourceVersion "1"]
[SourceVersionDate "2006.11.23"]
[SourceQuality "1"]

1. e4 e6 2. d4 d5 3. Nc3 Nf6 4. e5 Nfd7 5. f4 c5 6. Nf3 Nc6 7. Be3 a6 8. Qd2 b5 9. Qf2 Qb6 10. Bd3 cxd4 11. Nxd4 Nxd4 12. Bxd4 Bc5 13. Ne2 b4 14. 0-0 a5 15. c3 Ba6 16. Bxa6 Rxa6 17. Rfc1 0-0 18. c4 Bxd4 19. Qxd4 Qxd4+ 20. Nxd4 Nb6 21. c5 Na4 22. Rc2 Rc8 23. Rac1 Kf8 24. Kf2 Ke7 25. Ke3 f6 26. Nb5 fxe5 27. fxe5 Rf8 28. b3 Nc3 29. Nxc3 bxc3 30. Rxc3 Rf5 31. Kd4 Rf4+ 32. Kd3 Re4 33. c6 Ra8 34. Rc5 Rxe5 35. Rb5 Rg5 36. Rb7+ Ke8 37. Kd4 Rd8 38. Kc5 d4+ 39. Kb6 d3 40. c7 Rc8 41. Kc6 e5 42. Rb8 Rg6+ 43. Kb7 1-0

[Event "Champions Challenge 134th"]
[Site "Playchess.com INT"]
[Date "2006.02.18"]
[Round "1.1"]
[White "Kiselev, Vitaliy"]
[Black "Nestorovic, Dejan"]
[Result "0-1"]
[WhiteElo "2399"]
[BlackElo "2399"]
[PlyCount "164"]
[EventDate "2006.02.18"]
[EventType "k.o. (blitz)"]
[EventRounds "5"]
[EventCountry "GER"]
[SourceTitle "EXT 2007"]
[Source "ChessBase"]
[SourceDate "2006.11.23"]
[SourceVersion "1"]
[SourceVersionDate "2006.11.23"]
[SourceQuality "1"]

1. d4 Nf6 2. c4 d6 3. Nf3 g6 4. g3 Bg7 5. Bg2 0-0 6. 0-0 c6 7. Nc3 Nbd7 8. e4 e5 9. h3 Qc7 10. Be3 Re8 11. Qc2 a5 12. Rad1 exd4 13. Nxd4 Nc5 14. Ndb5 cxb5 15. Nxb5 Qe7 16. Nxd6 Ne6 17. Nxe8 Nxe8 18. Kh2 Bd7 19. f4 Bc6 20. Rd2 Nc5 21. e5 Bxg2 22. Kxg2 f6 23. Bxc5 Qxc5 24. exf6 Nxf6 25. Re1 Rc8 26. b3 b5 27. Re5 Qc6+ 28. Kh2 bxc4 29. Qxc4+ Qxc4 30. bxc4 Nh5 31. Re4 Nf6 32. Red4 Rc5 33. Kg2 h5 34. Kf3 Kf7 35. g4 hxg4+ 36. hxg4 Kg8 37. Rd8+ Kf7 38. g5 Ng8 39. Re2 Rc7 40. Ra8 Bc3 41. Rc2 Bb4 42. a3 Bxa3 43. Rxa5 Bc5 44. Rd2 Ne7 45. Rda2 Nf5 46. Ra8 Nd6 47. Rc2 Bd4 48. Rd8 Ke7 49. Rg8 Kf7 50. Rd8 Bc5 51. Rh8 Ke6 52. Rh6 Kf5 53. Rd2 Nxc4 54. Rd5+ Ke6 55. Rxc5 Rxc5 56. Rxg6+ Kf7 57. Rf6+ Ke7 58. Ra6 Nd6 59. Kg4 Rc4 60. Ra7+ Ke6 61. Ra6 Ke7 62. Ra7+ Ke6 63. Ra6 Kd5 64. Ra5+ Ke4 65. g6 Rc7 66. Rg5 Rg7 67. f5 Ne8 68. Rh5 Nf6+ 69. Kg5 Nxh5 70. f6 Ra7 71. g7 Nxg7 72. Kg6 Ne6 73. f7 Ra8 74. Kf6 Kd5 75. Ke7 Rf8 76. Kf6 Rd8 77. Ke7 Ke5 78. f8Q Rxf8 79. Kd7 Rf6 80. Kc6 Kd4 81. Kb5 Rf5+ 82. Kb4 Re5 0-1

[Event "Champions Challenge 134th"]
[Site "Playchess.com INT"]
[Date "2006.02.18"]
[Round "1.3"]
[White "Kiselev, Vitaliy"]
[Black "Nestorovic, Dejan"]
[Result "1-0"]
[WhiteElo "2399"]
[BlackElo "2421"]
[PlyCount "59"]
[EventDate "2006.02.18"]
[EventType "k.o. (blitz)"]
[EventRounds "5"]
[EventCountry "GER"]
[SourceTitle "EXT 2007"]
[Source "ChessBase"]
[SourceDate "2006.11.23"]
[SourceVersion "1"]
[SourceVersionDate "2006.11.23"]
[SourceQuality "1"]

1. d4 Nf6 2. c4 c5 3. d5 b5 4. cxb5 a6 5. f3 e6 6. dxe6 fxe6 7. e4 axb5 8. Bxb5 Qa5+ 9. Nc3 Be7 10. Nge2 0-0 11. 0-0 Bb7 12. Bg5 d5 13. exd5 exd5 14. Kh1 Kh8 15. a4 d4 16. Ne4 Nc6 17. N2g3 Nxe4 18. Nxe4 Qb4 19. Bxc6 Bxc6 20. Bxe7 Rf5 21. Qd2 Qb7 22. Nd6 Qxe7 23. Nxf5 Qe5 24. Ng3 c4 25. Rfe1 Qd5 26. Red1 Rd8 27. a5 g5 28. a6 g4 29. fxg4 Rg8 30. Qxd4+ 1-0

[Event "Champions Challenge 130th"]
[Site "Playchess.com INT"]
[Date "2006.01.21"]
[Round "3.2"]
[White "Kiselev, Vitaliy"]
[Black "Postny, Evgeny"]
[Result "0-1"]
[WhiteElo "2277"]
[BlackElo "2578"]
[PlyCount "70"]
[EventDate "2006.01.21"]
[EventType "k.o. (blitz)"]
[EventRounds "5"]
[EventCountry "GER"]
[SourceTitle "EXT 2007"]
[Source "ChessBase"]
[SourceDate "2006.11.23"]
[SourceVersion "1"]
[SourceVersionDate "2006.11.23"]
[SourceQuality "1"]

1. d4 c5 2. d5 g6 3. Nf3 Bg7 4. g3 d6 5. Bg2 Nf6 6. 0-0 0-0 7. c4 b5 8. cxb5 a6 9. b6 Nbd7 10. Nc3 Nxb6 11. Nd2 Bg4 12. h3 Bd7 13. Kh2 Rb8 14. Qc2 Ne8 15. e4 Nc7 16. a4 e6 17. dxe6 Nxe6 18. Nf3 Nd4 19. Nxd4 cxd4 20. Nd5 Nxd5 21. exd5 Bf5 22. Be4 Rc8 23. Qd3 Bxe4 24. Qxe4 Re8 25. Qd3 Qa5 26. Bf4 Qxd5 27. Qxa6 Rc2 28. b4 Qf3 29. Kg1 d3 30. Qb5 Rce2 31. Ra2 Bd4 32. Rxe2 Rxe2 33. Qb8+ Kg7 34. Bxd6 Bxf2+ 35. Kh2 Bxg3+ 0-1

[Event "Krasnodar Stepanov Memorial op"]
[Site "Krasnodar"]
[Date "2004.10.??"]
[Round "5"]
[White "Kachko, Alexander"]
[Black "Kiselev, Vitaliy"]
[Result "1/2-1/2"]
[WhiteElo "2151"]
[BlackElo "2277"]
[PlyCount "21"]
[EventDate "2004.10.??"]
[EventType "swiss"]
[EventRounds "9"]
[EventCountry "RUS"]
[SourceTitle "EXT 2006"]
[Source "ChessBase"]
[SourceDate "2005.11.24"]
[SourceVersion "1"]
[SourceVersionDate "2005.11.24"]
[SourceQuality "1"]

1. e4 e6 2. d4 d5 3. exd5 exd5 4. Bd3 Bd6 5. Nf3 Ne7 6. 0-0 0-0 7. Nc3 c6 8. Ne2 Bf5 9. Bxf5 Nxf5 10. Bf4 Bxf4 11. Nxf4 1/2-1/2

[Event "Krasnodar Stepanov Memorial op"]
[Site "Krasnodar"]
[Date "2004.10.??"]
[Round "9"]
[White "Kiselev, Vitaliy"]
[Black "Staroverov, Alexey"]
[Result "0-1"]
[WhiteElo "2277"]
[BlackElo "2302"]
[PlyCount "76"]
[EventDate "2004.10.??"]
[EventType "swiss"]
[EventRounds "9"]
[EventCountry "RUS"]
[SourceTitle "EXT 2006"]
[Source "ChessBase"]
[SourceDate "2005.11.24"]
[SourceVersion "1"]
[SourceVersionDate "2005.11.24"]
[SourceQuality "1"]

1. d4 Nf6 2. c4 g6 3. Nc3 Bg7 4. g3 0-0 5. Bg2 d6 6. Nf3 Nbd7 7. 0-0 e5 8. Qc2 exd4 9. Nxd4 Ne5 10. b3 c5 11. Nf3 Bf5 12. Qb2 Ne4 13. Bd2 b5 14. cxb5 d5 15. Rac1 Rc8 16. Nxe5 Bxe5 17. Rfd1 Re8 18. Qa3 Nxd2 19. Rxd2 d4 20. Nd1 Qe7 21. Nb2 Bg7 22. Nc4 Bh6 23. e3 dxe3 24. Nxe3 Bxe3 25. fxe3 Qxe3+ 26. Rf2 c4 27. Bd5 cxb3 28. Rcf1 Rc3 29. Qd6 Rc1 30. Rxc1 Qxc1+ 31. Kg2 Re1 32. axb3 Rg1+ 33. Kf3 Qc3+ 34. Kf4 Qd4+ 35. Kg5 Kg7 36. Rf4 h6+ 37. Kh4 g5+ 38. Kh5 Bg6+ 0-1